Normal view
MARC view
Entry Personal Name
001 - CONTROL NUMBER
- control field: 39158
003 - CONTROL NUMBER IDENTIFIER
- control field: dpl
005 - DATE AND TIME OF LATEST TRANSACTION
- control field: 20120113132731.0
008 - FIXED-LENGTH DATA ELEMENTS
- fixed length control field: 120113|||a|||||| | ||| d
040 ## - CATALOGING SOURCE
- Original cataloging agency: dpl
- Transcribing agency: dpl
100 ## - HEADING--PERSONAL NAME
- Personal name: Gulati, S. L.
670 ## - SOURCE DATA FOUND
- Source citation: Work cat.: (dpl): Gulati, S. L., Bookhive's BCA bachelor of computer applications :, 2008
670 ## - SOURCE DATA FOUND
- Source citation: Work cat.: (dpl): Gulati, S. L., Bookhive's BCA bachelor of computer applications :, 2008
